000 00527nam a2200181Ia 4500
003 GCL
008 140319s9999 xx 000 0 ara d
040 _aGCL /
_cGCL
082 0 4 _a418
_bم ب
100 1 _aمحمد يوسف حلبص
245 1 0 _aالبحث الدلالى عند الاصوليين /
_cمحمد يوسف حلبص
260 _a[S.N] :
_bعالم الكتب الحديث ،
_c1991
300 _a171 ص
490 _a
650 0 4 _aالالفاظ
650 0 4 _aاللغة العربية
942 _2ddc
_cBK
999 _c32674
_d32674